Library Banner

Cultural anthropology (Record no. 30688)

MARC details
000 -LEADER
fixed length control field 00461nam a2200181Ia 4500
001 - CONTROL NUMBER
control field 30565
008 - FIXED-LENGTH DATA ELEMENTS--GENERAL INFORMATION
fixed length control field 140416s9999 xx 000 0 und d
020 ## - INTERNATIONAL STANDARD BOOK NUMBER
International Standard Book Number 0-87581-443-3
040 ## - CATALOGING SOURCE
Transcribing agency PK-LaUMT
082 ## - DEWEY DECIMAL CLASSIFICATION NUMBER
Classification number 306
Item number ROB-C
100 ## - MAIN ENTRY--PERSONAL NAME
Personal name Richard H. Robbins
245 ## - TITLE STATEMENT
Title Cultural anthropology
Remainder of title a problem-based approach
Statement of responsibility, etc Richard H. Robbins
250 ## - EDITION STATEMENT
Edition statement 3rd
260 ## - PUBLICATION, DISTRIBUTION, ETC. (IMPRINT)
Place of publication, distribution, etc Illinois,USA:
Name of publisher, distributor, etc F. E. Peaccok,
Date of publication, distribution, etc 2001
300 ## - PHYSICAL DESCRIPTION
Extent 299 p.
546 ## - LANGUAGE NOTE
Language note EN
942 ## - ADDED ENTRY ELEMENTS (KOHA)
Koha item type Books
Holdings
Withdrawn status Lost status Damaged status Not for loan Home library Current library Date acquired Total Checkouts Full call number Barcode Date last seen Date checked out Price effective from Koha item type
        UMT Main Campus UMT Main Campus 2014-04-16 2 306 ROB-C 37956 2019-04-18 2019-04-11 2014-05-03 Books